Normal view
MARC view
- Vest, Charles M
Entry Personal Name
001 - CONTROL NUMBER
- control field: 65387
003 - CONTROL NUMBER IDENTIFIER
- control field: NUST
005 - DATE AND TIME OF LATEST TRANSACTION
- control field: 20210628203427.0
008 - FIXED-LENGTH DATA ELEMENTS
- fixed length control field: 210628|| aca||aabn | a|a d
040 ## - CATALOGING SOURCE
- Original cataloging agency: NUST
- Transcribing agency: NUST
100 ## - HEADING--PERSONAL NAME
- Personal name: Vest, Charles M
670 ## - SOURCE DATA FOUND
- Source citation: Work cat.: (NUST): Vest, Charles M., Pursuing the endless frontier, essays on mit and the role of research universities, 2005
